Statistics for Name That Movie Sport

Click here to take the quiz!

General Stats

  • This quiz has been taken 27 times
  • The average score is 8 of 15

Answer Stats

HintAnswer% Correct
Remember The Titansfootball
91%
Hoosiersbasketball
86%
Rockyboxing
86%
Happy Gilmoregolf
86%
The Mighty Duckshockey
86%
Seabiscuithorse racing
77%
The Big Greensoccer
77%
Kingpinbowling
64%
Balls of Firetable tennis
36%
Here Comes The Boommma
27%
Ford Vs Ferrarinascar
27%
Racetrack and field
18%
Cloud 9snowboarding
14%
The Miracle Seasonvolleyball
14%
The Book of Calebdarts
5%

Score Distribution

Percentile by Number Answered

Percent of People with Each Score

Your Score History

You have not taken this quiz